|
|
|
|
| LEADER |
00635nab a2200157 i 4500 |
| 001 |
delm141203 |
| 005 |
20200213093954.0 |
| 008 |
200213s2009 hu o 0|| hun d |
| 040 |
|
|
|a SZTE Délmagyarország Archívum
|b hun
|
| 041 |
|
|
|a hun
|
| 100 |
1 |
|
|a Fekete Klára
|
| 245 |
1 |
2 |
|a A kendergyár Szegvárra és Hódmezővásárhelyre költözik
|h [elektronikus dokumentum] :
|b az Árkádot csak az év közepén kezdik el építeni /
|c Fekete Klára
|
| 260 |
|
|
|c 2009-01-21
|
| 300 |
|
|
|a 5
|
| 490 |
0 |
|
|a Délmagyarország
|v 99 No. 17
|
| 695 |
|
|
|a Szeged, Szegvár, Hódmezővásárhely, Iparterület kendergyár Szeged, Bevásárlóközpont tervezet Árkád
|